| 000 | 03541cam a22011894i 4500 | ||
|---|---|---|---|
| 003 | PE-LiUPU | ||
| 005 | 20250813185344.0 | ||
| 008 | 150617s1979 xxu r 000 0 eng d | ||
| 035 | _a(Sirsi) a17195 | ||
| 040 |
_aPE-LiUPU _bspa _cPE-LiUPU _erda |
||
| 049 | _aPRUA | ||
| 082 | 0 | 4 |
_a344.043 _bH19H _221 |
| 100 | 1 |
_aHamburg, David A., _eautor. |
|
| 245 | 1 | 0 |
_aHealthy people : _bThe surgeon general's report on health promotion and disease prevention, background papers 1979 / _cdavid A. Hamburg. |
| 264 | 1 |
_aWashington, D.C. : _bU.S. Department of health, Education, and Welfare, _c1979. |
|
| 300 |
_a484 páginas ; _c23 cm. |
||
| 336 |
_atext _2rdacontent |
||
| 337 |
_aunmediated _2rdamedia |
||
| 338 |
_avolume _2rdacarrier |
||
| 505 | 0 | _aAn integrative summary. -Injury prevention. -The present and future prospects for the prevention of the principal oral diseases. -Strategies for the prevention of mental disorders. -Cancer: the case for cardiovascular disease. -The potencial impact of risk factor modification on coronary heart disease mortality in middle-aged men. -Tobacco, alcohol, and drug abuse: onset and prevention. -Psychosocial factors in preventive medicine. -Relation of social support, stree, illness, and use of health services. -Preventive services for the well population. -Infant and child health: needs and strategies. -The health needs of adolescents. -Health promotion for the elderly: reducing functional depandency. -Improving the quality of the work environment. | |
| 526 | _aP202 | ||
| 526 | _aP201 | ||
| 526 | _aP163 | ||
| 526 | _aP162 | ||
| 526 | _aP161 | ||
| 526 | _aP160 | ||
| 526 | _aP148 | ||
| 526 | _aP147 | ||
| 526 | _aP146 | ||
| 526 | _aP145 | ||
| 526 | _aP144 | ||
| 526 | _aP143 | ||
| 526 | _aP142 | ||
| 526 | _aP141 | ||
| 526 | _aP140 | ||
| 526 | _aP139 | ||
| 526 | _aP138 | ||
| 526 | _aP137 | ||
| 526 | _aP136 | ||
| 526 | _aP135 | ||
| 526 | _aP134 | ||
| 526 | _aP133 | ||
| 526 | _aP129 | ||
| 526 | _aP128 | ||
| 526 | _aP127 | ||
| 526 | _aP120 | ||
| 526 | _aP119 | ||
| 526 | _aP118 | ||
| 526 | _aP116 | ||
| 526 | _aP115 | ||
| 526 | _aP114 | ||
| 526 | _aP110 | ||
| 526 | _aP109 | ||
| 526 | _aP108 | ||
| 526 | _aP104 | ||
| 526 | _aP103 | ||
| 526 | _aP102 | ||
| 526 | _aP99 | ||
| 526 | _aP98 | ||
| 526 | _aP97 | ||
| 526 | _aP96 | ||
| 526 | _aP95 | ||
| 526 | _aP93 | ||
| 526 | _aP90 | ||
| 526 | _aP89 | ||
| 526 | _aP88 | ||
| 526 | _aP83 | ||
| 526 | _aP82 | ||
| 526 | _aP62 | ||
| 526 | _aP59 | ||
| 526 | _aP58 | ||
| 526 | _aP57 | ||
| 526 | _aP51 | ||
| 526 | _aP49 | ||
| 526 | _aP48 | ||
| 526 | _aP47 | ||
| 526 | _aP29 | ||
| 526 | _aP24 | ||
| 526 | _aP20 | ||
| 526 | _aP19 | ||
| 526 | _aP17 | ||
| 526 | _aP15 | ||
| 526 | _aP14 | ||
| 526 | _aP12 | ||
| 526 | _aP10 | ||
| 526 | _aP09 | ||
| 526 | _aP08 | ||
| 526 | _aP07 | ||
| 526 | _aP06 | ||
| 526 | _aP05 | ||
| 526 | _aP04 | ||
| 526 | _aP01 | ||
| 650 | 0 | 4 |
_aEnfermedades _xControl. |
| 650 | 0 | 4 |
_aSalud pública. _9205 |
| 910 |
_ajck _bjvq _cjck _d20150616 |
||
| 942 |
_2ddc _cBOOK |
||
| 949 |
_a344.043 H19H _wDEWEY _c1 _i34715 _lCCODEBUL1 _mBUL _p00.00 _r0 _sY _tBOOK _u19931007 _xFCE _zUNKNOWN _0COMPRA _o.STAFF. Colección General |
||
| 994 |
_aC0 _bPEPRU |
||
| 596 | _a1 | ||
| 999 |
_a344.043 H19H _wDEWEY _c16747 _i34715 _f2021-11-5 _g6 _lCCODEBUL1 _mBUL _p10.00 _r0 _sY _tBOOK _u2015-6-17 _xBIBLIOTECA _zUNKNOWN _0COMPRA _o.STAFF. Colección General _d16747 |
||
| 980 |
_81 _gALBERTO SANCHEZ Responsable de Automatización |
||